Statistics for European Countries by Obesity Rate - In Order

Click here to take the quiz!

General Stats

  • This quiz has been taken 52 times
  • The average score is 32 of 39

Answer Stats

%#Country% Correct
27.8UUnited Kingdom
100%
26.4HHungary
98%
26.3LLithuania
96%
26.1CCzech Republic
93%
25.6AAndorra
91%
24.9GGreece
91%
28.9MMalta
91%
25.3BBulgaria
89%
25.0IIreland
89%
23.1PPoland
89%
23.6LLatvia
87%
22.5RRomania
87%
24.5CCroatia
85%
23.0NNorway
85%
23.4RRussia
85%
24.1SSpain
85%
23.8UUkraine
85%
24.6BBelarus
83%
22.4BBelgium
83%
21.5EEstonia
83%
22.1FFinland
83%
23.3MMontenegro
83%
21.2FFrance
80%
22.3GGermany
80%
21.9IIceland
80%
21.7AAlbania
76%
19.3DDenmark
76%
19.9IItaly
76%
22.6LLuxembourg
76%
20.5PPortugal
76%
21.6SSerbia
76%
20.6SSweden
74%
20.1AAustria
72%
17.9BBosnia and Herzegovina
72%
20.0NNetherlands
72%
18.9MMoldova
70%
20.4SSlovenia
70%
20.5SSlovakia
67%
19.7SSwitzerland
63%

Score Distribution

Percentile by Number Answered

Percent of People with Each Score

Your Score History

You have not taken this quiz